System der logik und Metaphysik ober Wissenschaftslehre / (Record no. 54223)

MARC details
000 -LEADER
campo de control de longitud fija 00543nam a22001815i 4500
001 - NÚMERO DE CONTROL
campo de control 54223
003 - IDENTIFICADOR DE NÚMERO DE CONTROL
campo de control ES-MaACL
007 - CAMPO FIJO DE DESCRIPCIÓN FÍSICA--INFORMACIÓN GENERAL
campo de control de longitud fija t|
008 - DATOS DE LONGITUD FIJA--INFORMACIÓN GENERAL
campo de control de longitud fija 960716s1865 gw ||||1| ger d
040 ## - FUENTE DE CATALOGACIÓN
Centro catalogador/agencia de origen CAM
Lengua de catalogación spa
Centro/agencia transcriptor CAM
100 1# - ENTRADA PRINCIPAL--NOMBRE DE PERSONA
Nombre de persona Fischer, Kuno,
Fechas asociadas al nombre 1824-1907
9 (RLIN) 51003
245 10 - MENCIÓN DEL TÍTULO
Título System der logik und Metaphysik ober Wissenschaftslehre /
Mención de responsabilidad, etc. von Kuno Fischer.
250 ## - MENCION DE EDICION
Mención de edición 2. aufl.
260 ## - PUBLICACIÓN, DISTRIBUCIÓN, ETC.
Lugar de publicación, distribución, etc. Heilderberg :
Nombre del editor, distribuidor, etc. Friedrich Bassermann,
Fecha de publicación, distribución, etc. 1865.
300 ## - DESCRIPCIÓN FÍSICA
Extensión XVII, [1], 536 p. ;
Dimensiones 22 cm.
852 ## - LOCALIZACIÓN
Ubicación ES-MaACL
Número de control de estantería G-1197
Holdings
Estatus retirado Estado de pérdida Estado de daño No para préstamo Colección Biblioteca de origen Biblioteca actual Ubicación en estantería Fecha de adquisición Fuente de adquisición Total de préstamos Signatura topográfica completa Código de barras Visto por última vez Precio de reemplazo Tipo de ítem Koha
        Libros del s. XIX Biblioteca del Ateneo de Madrid Biblioteca del Ateneo de Madrid Depósito 2 17/01/2008     G-1197 1056982 23/02/2023 23/02/2023 Libro impreso antiguo